Beneficencia / Junta Provincial de Barcelona
Descripción Física:
177 p. : il. ; 32 cm
Materias:
Beneficència -- Barcelona (Província)
MARC
| LEADER | 00000nam a2200000Ia 4500 | ||
|---|---|---|---|
| 001 | 9186 | ||
| 003 | BGR | ||
| 005 | 20260324175355.0 | ||
| 008 | 160829s1944 xx 000 0 cat d | ||
| 080 | |a FOL-1-45 | ||
| 110 | 2 | |a Junta Provincial de Beneficencia (Barcelona) |9 71280 | |
| 245 | |a Beneficencia / Junta Provincial de Barcelona | ||
| 260 | |a Barcelona : |b (Tipo - Litografia Bosch), |c 1944 | ||
| 300 | |a 177 p. : |b il. ; |c 32 cm | ||
| 650 | |a Beneficència |x Barcelona (Província) |9 30298 | ||
| 901 | |a Arxiu | ||
| 942 | |n 1 |2 udc |c MON | ||
| 952 | |0 0 |1 0 |4 0 |6 FOL145 |7 1 |9 45267 |a Arxiu |b Arxiu |d 2016-12-01 |l 0 |o FOL-1-45 |p 9186 |r 2016-12-01 00:00:00 |w 2016-12-01 |y ARXIU | ||
| 999 | |c 48341 |d 48341 | ||